| 000 | 00720nam a2200181Ia 4500 | ||
|---|---|---|---|
| 008 | 151018s9999 xx 000 0 und d | ||
| 082 |
_bRBASDV49781 _a891.433 |
||
| 100 | _aसुदर्शन भाटीया | ||
| 245 | _aविश्र्वप्रसिध्द महापुरुषो के | ||
| 250 | _b1 | ||
| 260 |
_bकिताबहार _c2009 |
||
| 300 | _a120 | ||
| 600 | _aसुदर्शन भाटीया | ||
| 630 | _aविश्र्वप्रसिध्द महापुरुषो के | ||
| 700 | _aसुदर्शन भाटीया | ||
| 730 | _aविश्र्वप्रसिध्द महापुरुषो के | ||
| 942 | _cBOOK | ||
| 999 |
_c1048781 _d1048778 |
||